| 000 | 00997cam a2200217 4500 | ||
|---|---|---|---|
| 001 | WB3939-14 | ||
| 008 | 031014n2003 000 0 eng u | ||
| 035 | _a(Sirsi) u123922 | ||
| 245 | _aInvest in poor urban areas | ||
| 260 | _c2003 | ||
| 490 |
_aRegeneration and Renewal _v10 October 2003, 2(1) |
||
| 520 | _aResearch carried out by Ulster University for the Economic and Social Research Council (ESRC) shows that property development returns in deprived urban areas can outperform the market average, particularly in retail developments. Also, contrary to investors' fears, the study claims that investing in deprived areas has a lower risk than the overall market. Copies of "Benchmarking of urban regeneration performance" is available from t +44(0)1793 413122 | ||
| 590 | _aWB | ||
| 650 | _aDEPRIVED AREAS | ||
| 650 | _aURBAN REGENERATION | ||
| 650 | _aPROPERTY DEVELOPMENT | ||
| 650 | _aINWARD INVESTMENT | ||
| 650 | _aRETAIL DEVELOPMENT | ||
| 690 | _aINVESTMENT | ||
| 942 | _n0 | ||
| 999 |
_c73592 _d73592 |
||